000 00906nam a2200313 a 4500
003 AR-BaBNM
005 20251128203704.0
008 082120s2002 ||||||||||||||000 | spa||
020 _a950-13-0091-9
040 _cAR-BaBNM
100 1 _aLeston, Alicia
245 0 0 _aMensajero lectoescritura inicial
_bmarco teórico y propuesta de más actividades
260 _aBuenos Aires
_bKapelusz
_c1989
300 _a85 p.
_bdiagr., tablas
500 _aContiene referencias bibliográficas
650 4 _aLECTURA
650 4 _aENSEÑANZA DE LA LECTURA
650 4 _aENSEÑANZA DE LA ESCRITURA
650 4 _aALFABETIZACION
650 4 _aDESARROLLO DEL LENGUAJE
650 4 _aMETODOS DE ENSEÑANZA
650 4 _aCUENTOS
650 4 _aACTIVIDADES DE APRENDIZAJE
650 4 _aTECNICAS DIDACTICAS
653 _aENSENANZA DE LA LENGUA
653 _aLECTOESCRITURA
942 _cBK
998 _cSILVI
999 _c4499
_d4499